000 00971nam a22002297a 4500
999 _c2840
_d2840
003 AR-CdUCM
008 190305b ||||| |||| 00| 0 spa d
040 _aMUNICIPALIDAD PROVINCIAL DEL CUSCO
_cBIBLIOTECA MUNICIPAL DEL CUSCO
082 _a985.009 /
_bM93
100 _aMujica Gallo, Manuel
_99858
245 _aRamón Castilla /
260 _aLima :
_bVisión Peruana,
_bMonterrico,
_c1987.
300 _a63 páginas ;
_bilustraciones,
_c21 cm.
440 _aLos que hicieron el Perú, Biblioteca visión peruana.
_n6
_99859
500 _aEsta publicación es un aporte de la revista Visión Peruana" - Cubierta posterior.
505 _aContenido: Castilla y el acta de Tarapaca -- Actitud de Castilla frente a la confederación Perú-Boliviana -- Los antecedentes de la anarquía del 42 -- El primer Gobierno de Castilla (1845-1851) ...
650 _aBiografía
_922
650 _aPresidentes
_91678
650 _aPerú
_935
942 _2ddc
_cLIBROS
945 _aachl